n Beginnersgids tot intrede (Record no. 405424)

MARC details
000 -LEADER
fixed length control field 00293nam a2200097Ia 4500
082 ## - DEWEY DECIMAL CLASSIFICATION NUMBER
Classification number 248.32 SHEE
008 - FIXED-LENGTH DATA ELEMENTS--GENERAL INFORMATION
fixed length control field 210817s9999 xx 000 0 und d
100 ## - MAIN ENTRY--PERSONAL NAME
Personal name SHEETS, Dutch Kaapstad, 2003 1ste Suid-Afrikaanse uitg
9 (RLIN) 96479
245 #0 - TITLE STATEMENT
Title n Beginnersgids tot intrede
942 ## - ADDED ENTRY ELEMENTS
item type Books

No items available.